[Event "18. Open de Sants Hostafrancs 2016"]
[Site "Barcelona ESP"]
[Date "2016.08.22"]
[Round "4.37"]
[White "Mullon, Jean-baptiste"]
[Black "Calavalle, Giulio"]
[Result "0-1"]
[WhiteElo "2412"]
[BlackElo "2203"]
[PlyCount "80"]
[EventDate "2016.08.19"]
[EventType "swiss"]
[EventRounds "10"]
[EventCountry "ESP"]
[SourceTitle "Ajedrez en Madrid"]
[Source "lmi"]
[SourceDate "2016.08.19"]

1. e4 c5 2. Nf3 d6 3. Bb5+ Bd7 4. Bxd7+ Qxd7 5. O-O Nc6 6. c3 e6 7. d4 Nf6 8.
d5 Ne5 9. Nxe5 dxe5 10. dxe6 Qxe6 11. Na3 Qc6 12. Re1 c4 13. b3 b5 14. bxc4 b4
15. Nb5 a6 16. Nd4 exd4 17. e5 Nd7 18. cxd4 Qxc4 19. Qf3 Rd8 20. Bg5 Be7 21.
Bxe7 Kxe7 22. e6 fxe6 23. d5 Nf6 24. Qg3 Nxd5 25. Qxg7+ Kd6 26. Qe5+ Kc6 27. a3
a5 28. axb4 axb4 29. Qxe6+ Rd6 30. Qf7 Qc5 31. h3 Rhd8 32. Qxh7 Nc3 33. Ra6+
Kb5 34. Qb7+ Kc4 35. Qf7+ Qd5 36. Qc7+ Kb3 37. Raa1 Qf5 38. Ra5 Rd5 39. g4 Qf3
40. Rxd5 Rxd5 0-1

[Event "18. Open de Sants Hostafrancs 2016"]
[Site "Barcelona ESP"]
[Date "2016.08.22"]
[Round "4.38"]
[White "Brochet, Philippe"]
[Black "Forgues, Fabien"]
[Result "1-0"]
[WhiteElo "2401"]
[BlackElo "2182"]
[PlyCount "62"]
[EventDate "2016.08.19"]
[EventType "swiss"]
[EventRounds "10"]
[EventCountry "ESP"]
[SourceTitle "Ajedrez en Madrid"]
[Source "lmi"]
[SourceDate "2016.08.19"]

1. e4 e5 2. Nc3 Nf6 3. Bc4 Nc6 4. d3 Na5 5. Bb3 Nxb3 6. axb3 d5 7. exd5 Bb4 8.
Bg5 Qxd5 9. Qf3 Qxf3 10. Nxf3 Nd5 11. Bd2 Nxc3 12. bxc3 Bd6 13. O-O f6 14. d4
exd4 15. cxd4 c6 16. c4 Be6 17. Be3 a6 18. Nd2 Kf7 19. c5 Bc7 20. Nc4 Rad8 21.
Rfd1 Rhe8 22. Ra4 Re7 23. Rb4 Bc8 24. f3 g5 25. g4 h5 26. gxh5 Rh8 27. Bf2 f5
28. d5 cxd5 29. Nd6+ Ke6 30. Bd4 Rxh5 31. Re1+ Kd7 1-0

[Event "18. Open de Sants Hostafrancs 2016"]
[Site "Barcelona ESP"]
[Date "2016.08.22"]
[Round "4.39"]
[White "Gual Pascual, Antonio"]
[Black "Porta Tovar, Oriol"]
[Result "1/2-1/2"]
[WhiteElo "2397"]
[BlackElo "2170"]
[PlyCount "137"]
[EventDate "2016.08.19"]
[EventType "swiss"]
[EventRounds "10"]
[EventCountry "ESP"]
[SourceTitle "Ajedrez en Madrid"]
[Source "lmi"]
[SourceDate "2016.08.19"]

1. d4 Nf6 2. c4 e6 3. Nc3 Bb4 4. e3 O-O 5. Bd3 c5 6. Nf3 d5 7. O-O dxc4 8. Bxc4
cxd4 9. exd4 b6 10. Bg5 Bb7 11. Ne5 Bxc3 12. bxc3 Nbd7 13. Qe2 Qc7 14. Nxd7
Nxd7 15. Rac1 Rfe8 16. Rfe1 Qc6 17. f3 a6 18. Bd3 Qd6 19. Qd2 b5 20. Bf4 Qa3
21. Qc2 h6 22. Qb3 Qa5 23. Bb1 Bd5 24. Qc2 Nf8 25. Bd6 Ng6 26. Qd2 Qd8 27. Bg3
Nf8 28. Re5 Rc8 29. Rce1 Qd7 30. Bf4 f5 31. R5e3 Qf7 32. Be5 Nd7 33. f4 Nxe5
34. Rxe5 Red8 35. h3 Kh8 36. R1e3 Rc6 37. Kh2 Rdc8 38. a3 Qd7 39. Qe1 Qf7 40.
Qg3 R8c7 41. Qe1 Rc8 42. Qd2 Qd7 43. Ba2 Bxa2 44. Qxa2 Rxc3 45. Rxc3 Rxc3 46.
Rxe6 Rc4 47. Rxa6 Qxd4 48. Qb3 Qxf4+ 49. Qg3 Qxg3+ 50. Kxg3 Ra4 51. Rxa4 bxa4
52. Kf4 g6 53. Ke5 Kg7 54. Ke6 f4 55. Ke5 g5 56. Kf5 Kf7 57. h4 f3 58. gxf3
gxh4 59. Kg4 Kf6 60. Kxh4 Kf5 61. Kh5 Kf4 62. Kxh6 Kxf3 63. Kg5 Ke3 64. Kg4 Kd2
65. Kf3 Kc2 66. Ke2 Kb2 67. Kd2 Kxa3 68. Kc2 Ka2 69. Kc1 1/2-1/2

[Event "18. Open de Sants Hostafrancs 2016"]
[Site "Barcelona ESP"]
[Date "2016.08.22"]
[Round "4.40"]
[White "Nordenbaek, Jan"]
[Black "Gemy, Jose Daniel"]
[Result "0-1"]
[WhiteElo "2213"]
[BlackElo "2384"]
[PlyCount "66"]
[EventDate "2016.08.19"]
[EventType "swiss"]
[EventRounds "10"]
[EventCountry "ESP"]
[SourceTitle "Ajedrez en Madrid"]
[Source "lmi"]
[SourceDate "2016.08.19"]

1. e4 e5 2. Nf3 Nc6 3. d4 exd4 4. Nxd4 Bb4+ 5. c3 Bc5 6. Nxc6 bxc6 7. Bd3 Ne7
8. O-O d5 9. Nd2 O-O 10. Qh5 f5 11. exd5 cxd5 12. Nf3 Qd6 13. b4 Bb6 14. a4 a5
15. b5 Bc5 16. Nd4 Qg6 17. Qxg6 Nxg6 18. f4 Ne7 19. Kh1 Bd7 20. Nb3 Bb6 21. c4
c5 22. cxd5 Nxd5 23. Bc4 Be6 24. Ba3 Rac8 25. Rac1 Rfd8 26. g3 Bf7 27. Rfd1 h6
28. Rd3 g5 29. fxg5 hxg5 30. Rf1 Nb4 31. Bxf7+ Kxf7 32. Rxf5+ Kg6 33. Rdd5 Nxd5
0-1

[Event "18. Open de Sants Hostafrancs 2016"]
[Site "Barcelona ESP"]
[Date "2016.08.22"]
[Round "4.41"]
[White "Gonzalez Valero, Julio"]
[Black "Konguvel, Ponnuswamy"]
[Result "1/2-1/2"]
[WhiteElo "2200"]
[BlackElo "2379"]
[PlyCount "134"]
[EventDate "2016.08.19"]
[EventType "swiss"]
[EventRounds "10"]
[EventCountry "ESP"]
[SourceTitle "Ajedrez en Madrid"]
[Source "lmi"]
[SourceDate "2016.08.19"]

1. d4 Nf6 2. Bg5 d5 3. e3 c5 4. c3 Qb6 5. Qb3 Nc6 6. Nd2 e6 7. Ngf3 Bd6 8. Be2
Bd7 9. Qxb6 axb6 10. Bh4 h6 11. a3 Ke7 12. O-O Rhc8 13. Rac1 Be8 14. Rfe1 cxd4
15. exd4 Bf4 16. Bg3 Bxg3 17. hxg3 Na5 18. Ne5 b5 19. Nd3 Nc4 20. Nxc4 bxc4 21.
Nb4 Ba4 22. Bf3 Kd6 23. Re3 Ng8 24. Bh5 Be8 25. Rce1 Ne7 26. Bg4 Bd7 27. Kf1
Rc7 28. Ke2 Nc6 29. Kd2 Ne7 30. Re5 Ng8 31. Bf3 Bc6 32. g4 g5 33. Kc1 Re7 34.
g3 f6 35. R5e3 Rae8 36. Rd1 Ba4 37. Rde1 Bc6 38. Rd1 f5 39. Re5 fxg4 40. Bxg4
Rf8 41. Nxc6 bxc6 42. Rde1 Rxf2 43. Rxe6+ Rxe6 44. Rxe6+ Kc7 45. Bd1 Kd7 46.
Rg6 Nf6 47. Ba4 Rf1+ 48. Kc2 Rf2+ 49. Kb1 Kd6 50. Rxh6 c5 51. Rg6 cxd4 52. cxd4
g4 53. Bd1 Ke6 54. Bxg4+ Kf7 55. Rg5 Rd2 56. a4 Rxd4 57. Bf3 Rd3 58. Rf5 Ke6
59. Rf4 Rb3 60. Ka2 Rb4 61. Ka3 Rb3+ 62. Ka2 Ke5 63. Rxf6 Kxf6 64. Bxd5 Rb4 65.
Ka3 Rb3+ 66. Ka2 Rb4 67. Ka3 Rb3+ 1/2-1/2

[Event "18. Open de Sants Hostafrancs 2016"]
[Site "Barcelona ESP"]
[Date "2016.08.22"]
[Round "4.42"]
[White "Prieto Aranguren, Alain"]
[Black "Kvetny, Mark"]
[Result "0-1"]
[WhiteElo "2199"]
[BlackElo "2379"]
[PlyCount "80"]
[EventDate "2016.08.19"]
[EventType "swiss"]
[EventRounds "10"]
[EventCountry "ESP"]
[SourceTitle "Ajedrez en Madrid"]
[Source "lmi"]
[SourceDate "2016.08.19"]

1. d4 Nf6 2. Bg5 Ne4 3. Bf4 c5 4. f3 Qa5+ 5. c3 Nf6 6. d5 e6 7. e4 exd5 8. exd5
d6 9. Na3 Be7 10. Nc4 Qd8 11. a4 Nh5 12. Be3 O-O 13. Qd2 f5 14. Nh3 Nd7 15. Be2
b6 16. O-O Ndf6 17. Qd3 Qd7 18. Nd2 Qb7 19. c4 f4 20. Bf2 Bxh3 21. gxh3 Nd7 22.
Qc2 Ne5 23. Rfe1 Rf6 24. Bf1 a5 25. Ra3 Qd7 26. Kh1 Rh6 27. Ne4 Rf8 28. Bg2 g6
29. Rb3 Bd8 30. h4 Ng7 31. Ng5 Nf5 32. Ne6 Bxh4 33. Nxf8 Kxf8 34. Rxb6 Bg3 35.
Bxg3 fxg3 36. Rxe5 Rxh2+ 37. Kg1 dxe5 38. Qb3 Nd4 39. Rb8+ Kg7 40. Qb6 Qf5 0-1

[Event "18. Open de Sants Hostafrancs 2016"]
[Site "Barcelona ESP"]
[Date "2016.08.22"]
[Round "4.43"]
[White "Franco Valencia, Beatriz Irene"]
[Black "Lujan, Carolina"]
[Result "1/2-1/2"]
[WhiteElo "2192"]
[BlackElo "2378"]
[PlyCount "40"]
[EventDate "2016.08.19"]
[EventType "swiss"]
[EventRounds "10"]
[EventCountry "ESP"]
[SourceTitle "Ajedrez en Madrid"]
[Source "lmi"]
[SourceDate "2016.08.19"]

1. d4 g6 2. c4 Bg7 3. Nc3 d6 4. Nf3 f5 5. g3 Nh6 6. Bg2 Nf7 7. e4 c6 8. Be3 O-O
9. Qb3 Qc7 10. O-O Nd7 11. exf5 gxf5 12. d5 c5 13. Qc2 Nde5 14. Ne2 Rb8 15.
Rab1 Bd7 16. Nf4 Qc8 17. Rfe1 b5 18. cxb5 Rxb5 19. Bd2 Rb8 20. Bc3 Nxf3+
1/2-1/2

[Event "18. Open de Sants Hostafrancs 2016"]
[Site "Barcelona ESP"]
[Date "2016.08.22"]
[Round "4.44"]
[White "Zwirs, Nico"]
[Black "Meylan, Andre"]
[Result "1-0"]
[WhiteElo "2374"]
[BlackElo "2175"]
[PlyCount "63"]
[EventDate "2016.08.19"]
[EventType "swiss"]
[EventRounds "10"]
[EventCountry "ESP"]
[SourceTitle "Ajedrez en Madrid"]
[Source "lmi"]
[SourceDate "2016.08.19"]

1. Nf3 Nf6 2. d4 e6 3. c4 b6 4. Nc3 Bb7 5. e3 d5 6. cxd5 Nxd5 7. a3 Nd7 8. Bd3
Be7 9. e4 Nxc3 10. bxc3 O-O 11. O-O c5 12. Qe2 Qc7 13. Bb2 c4 14. Bc2 b5 15. e5
a5 16. Nd2 Rfc8 17. f4 Nf8 18. f5 exf5 19. Rxf5 f6 20. Raf1 g6 21. exf6 gxf5
22. fxe7 Ng6 23. Bxf5 Re8 24. Qe6+ Kg7 25. Bxg6 Rxe7 26. Qf6+ Kg8 27. Bh5 Rg7
28. Bf3 Rg6 29. Qf5 Re8 30. Qxb5 Re2 31. Bxb7 Rxd2 32. Qe8+ 1-0

[Event "18. Open de Sants Hostafrancs 2016"]
[Site "Barcelona ESP"]
[Date "2016.08.22"]
[Round "4.45"]
[White "Brociner, Beniamino"]
[Black "Panelo, Marcelo"]
[Result "0-1"]
[WhiteElo "2184"]
[BlackElo "2373"]
[PlyCount "84"]
[EventDate "2016.08.19"]
[EventType "swiss"]
[EventRounds "10"]
[EventCountry "ESP"]
[SourceTitle "Ajedrez en Madrid"]
[Source "lmi"]
[SourceDate "2016.08.19"]

1. Nf3 c5 2. e4 d6 3. d4 cxd4 4. Nxd4 Nf6 5. Nc3 Nc6 6. Be2 e5 7. Nxc6 bxc6 8.
O-O Be7 9. Qd3 O-O 10. Rd1 Qc7 11. b3 Rd8 12. Bb2 Be6 13. Qg3 d5 14. exd5 cxd5
15. Bf3 g6 16. Re1 Rac8 17. Qxe5 Qxe5 18. Rxe5 d4 19. Ne4 Rxc2 20. Nxf6+ Bxf6
21. Re2 Rdc8 22. Rxc2 Rxc2 23. Rb1 Bf5 24. g4 Bd3 25. Rd1 Rxb2 26. Rxd3 Bh4 27.
a3 Bxf2+ 28. Kh1 Be3 29. b4 Kf8 30. Bd5 Ke7 31. Rb3 Rf2 32. a4 Kd6 33. Bb7 Ra2
34. a5 Ke5 35. Rb1 d3 36. Rd1 Kd4 37. Ba6 Rd2 38. Re1 Rf2 39. b5 d2 40. Rd1 Re2
41. b6 Re1+ 42. Kg2 Rxd1 0-1

[Event "18. Open de Sants Hostafrancs 2016"]
[Site "Barcelona ESP"]
[Date "2016.08.22"]
[Round "4.46"]
[White "Gullaksen, Eirik"]
[Black "Ciolek, Andreas"]
[Result "1-0"]
[WhiteElo "2361"]
[BlackElo "2168"]
[PlyCount "53"]
[EventDate "2016.08.19"]
[EventType "swiss"]
[EventRounds "10"]
[EventCountry "ESP"]
[SourceTitle "Ajedrez en Madrid"]
[Source "lmi"]
[SourceDate "2016.08.19"]

1. e4 c5 2. Nf3 d6 3. d4 cxd4 4. Nxd4 Nf6 5. Nc3 a6 6. Bc4 e6 7. O-O Nc6 8. Bb3
Na5 9. f4 Nxb3 10. axb3 Qc7 11. Be3 Bd7 12. Qf3 Be7 13. Kh1 O-O 14. g4 g6 15.
g5 Nh5 16. f5 d5 17. exd5 exf5 18. Nce2 f6 19. gxf6 Bxf6 20. c4 Rae8 21. Bh6
Rf7 22. Rad1 Re4 23. Rd3 Rfe7 24. d6 Qxd6 25. Nxf5 Qc5 26. Nxe7+ Qxe7 27. Rxd7
1-0

[Event "18. Open de Sants Hostafrancs 2016"]
[Site "Barcelona ESP"]
[Date "2016.08.22"]
[Round "4.47"]
[White "Ginovart, Axel"]
[Black "Mihajlov, Sebastian"]
[Result "0-1"]
[WhiteElo "2179"]
[BlackElo "2356"]
[PlyCount "112"]
[EventDate "2016.08.19"]
[EventType "swiss"]
[EventRounds "10"]
[EventCountry "ESP"]
[SourceTitle "Ajedrez en Madrid"]
[Source "lmi"]
[SourceDate "2016.08.19"]

1. e4 e6 2. d4 d5 3. Nc3 Nf6 4. Bg5 Bb4 5. e5 h6 6. Bd2 Bxc3 7. bxc3 Ne4 8. Bd3
Nxd2 9. Qxd2 c5 10. Nf3 c4 11. Be2 Nc6 12. O-O Bd7 13. Rfb1 Rb8 14. Qe3 Qe7 15.
Nd2 Qa3 16. Qg3 Kf8 17. Qe3 b5 18. Nf1 Ke7 19. Qd2 Kd8 20. Ne3 Kc7 21. Bh5 Rhf8
22. Nd1 a5 23. Rb2 b4 24. Qc1 g6 25. Be2 g5 26. Bh5 f6 27. exf6 Rxf6 28. Qe3
Rbf8 29. Rbb1 Rf4 30. Be2 Kd8 31. cxb4 axb4 32. Qxa3 bxa3 33. c3 Kc7 34. g3
R4f6 35. f3 Be8 36. Ne3 Bh5 37. g4 Bg6 38. Rb5 Re8 39. Kg2 Rff8 40. Bd1 Rb8 41.
Ba4 Rxb5 42. Bxb5 Na5 43. Ba4 Rb8 44. Kg3 Rb2 45. Nd1 Rb1 46. Rxb1 Bxb1 47. Ne3
Bxa2 48. Nc2 Bb3 49. Bxb3 cxb3 50. Nxa3 Nc4 51. Nb1 Kb6 52. f4 Nd6 53. fxg5
Ne4+ 54. Kf4 hxg5+ 55. Ke3 Kb5 56. h3 Kc4 0-1

[Event "18. Open de Sants Hostafrancs 2016"]
[Site "Barcelona ESP"]
[Date "2016.08.22"]
[Round "4.48"]
[White "Sanchez, Nicolas"]
[Black "Colmenares, Aurelio"]
[Result "1-0"]
[WhiteElo "2176"]
[BlackElo "2350"]
[PlyCount "73"]
[EventDate "2016.08.19"]
[EventType "swiss"]
[EventRounds "10"]
[EventCountry "ESP"]
[SourceTitle "Ajedrez en Madrid"]
[Source "lmi"]
[SourceDate "2016.08.19"]

1. d4 d5 2. Nf3 Nc6 3. c4 Bg4 4. cxd5 Bxf3 5. gxf3 Qxd5 6. e3 e5 7. Nc3 Bb4 8.
Bd2 Bxc3 9. bxc3 Nf6 10. c4 Qd7 11. d5 Ne7 12. Bc3 Ng6 13. h4 Qf5 14. Bh3 Qh5
15. Bb4 Kd8 16. Bg4 Qh6 17. h5 Nxg4 18. fxg4 Nf8 19. c5 Nd7 20. Qf3 e4 21. Qxe4
Re8 22. Qc2 Qg5 23. O-O-O Qxg4 24. Rd4 Qf3 25. Rhd1 a5 26. Ba3 Kc8 27. c6 Nb6
28. d6 Rd8 29. d7+ Kb8 30. Be7 Ka7 31. Bxd8 Rxd8 32. Re4 Qf6 33. Re8 bxc6 34.
Rxd8 Qxd8 35. Qxc6 a4 36. Qe4 a3 37. Rd3 1-0

[Event "18. Open de Sants Hostafrancs 2016"]
[Site "Barcelona ESP"]
[Date "2016.08.22"]
[Round "4.49"]
[White "Jeitz, Christian"]
[Black "Bergez, Luc"]
[Result "1-0"]
[WhiteElo "2173"]
[BlackElo "2344"]
[PlyCount "85"]
[EventDate "2016.08.19"]
[EventType "swiss"]
[EventRounds "10"]
[EventCountry "ESP"]
[SourceTitle "Ajedrez en Madrid"]
[Source "lmi"]
[SourceDate "2016.08.19"]

1. e4 d5 2. exd5 Nf6 3. Nf3 Nxd5 4. d4 Bg4 5. Be2 e6 6. O-O Be7 7. c4 Nb6 8.
Nc3 O-O 9. Be3 Qc8 10. Ne5 Bxe2 11. Qxe2 N8d7 12. Rac1 c5 13. Nxd7 Nxd7 14. d5
e5 15. f4 Bd6 16. Ne4 Qc7 17. f5 f6 18. Qh5 Rf7 19. Rf3 Nf8 20. Rg3 Rd8 21. Rc3
b5 22. cxb5 Qb7 23. Bh6 Kh8 24. Qg4 Rdd7 25. Nxd6 Rxd6 26. Rxc5 Rd8 27. h4 Qe7
28. Be3 e4 29. Bd4 Nd7 30. Rc7 Qd6 31. Rgc3 Qxd5 32. Bxa7 Ne5 33. Qe2 Rxc7 34.
Rxc7 h6 35. a4 Nd3 36. Qg4 Rg8 37. Be3 Nxb2 38. Qh5 Qd1+ 39. Qxd1 Nxd1 40. b6
Rb8 41. b7 Rxb7 42. Rxb7 Nxe3 43. a5 1-0

[Event "18. Open de Sants Hostafrancs 2016"]
[Site "Barcelona ESP"]
[Date "2016.08.22"]
[Round "4.50"]
[White "Tate, Alan"]
[Black "Yuan, Ye"]
[Result "1/2-1/2"]
[WhiteElo "2329"]
[BlackElo "2166"]
[PlyCount "84"]
[EventDate "2016.08.19"]
[EventType "swiss"]
[EventRounds "10"]
[EventCountry "ESP"]
[SourceTitle "Ajedrez en Madrid"]
[Source "lmi"]
[SourceDate "2016.08.19"]

1. e4 c5 2. Nf3 e6 3. d4 cxd4 4. Nxd4 Nc6 5. Nc3 Qc7 6. f4 Nxd4 7. Qxd4 b6 8.
Bd2 Bb7 9. O-O-O Nf6 10. Be2 Bc5 11. Qd3 d5 12. exd5 Nxd5 13. Nb5 Qe7 14. c4
Nb4 15. Bxb4 Bxb4 16. a3 a6 17. Nd6+ Bxd6 18. Qxd6 Qxd6 19. Rxd6 Bxg2 20. Rg1
Be4 21. Rxb6 O-O 22. Kd2 a5 23. b3 Rfe8 24. Ke3 f5 25. c5 e5 26. Bc4+ Kf8 27.
Rd1 Ra7 28. Bb5 exf4+ 29. Kxf4 Rc8 30. b4 axb4 31. axb4 Ra2 32. h3 Ra3 33. Rd7
Rxh3 34. Ra6 Re8 35. Bc4 Rf3+ 36. Kg5 Rg3+ 37. Kh4 Rg4+ 38. Kh5 Rb8 39. Raa7
Bf3 40. Rf7+ Ke8 41. Rfe7+ Kf8 42. Rf7+ Ke8 1/2-1/2

[Event "18. Open de Sants Hostafrancs 2016"]
[Site "Barcelona ESP"]
[Date "2016.08.22"]
[Round "4.51"]
[White "Perez Pastora, Evarist"]
[Black "Hernando Rodrigo, Julio Antoni"]
[Result "1-0"]
[WhiteElo "2158"]
[BlackElo "2318"]
[PlyCount "137"]
[EventDate "2016.08.19"]
[EventType "swiss"]
[EventRounds "10"]
[EventCountry "ESP"]
[SourceTitle "Ajedrez en Madrid"]
[Source "lmi"]
[SourceDate "2016.08.19"]

1. e4 e6 2. d4 d5 3. Nc3 Bb4 4. e5 c5 5. Bd2 Ne7 6. Nb5 Bxd2+ 7. Qxd2 O-O 8. f4
b6 9. Nf3 Ba6 10. c3 Nf5 11. g4 Nh4 12. Nxh4 Qxh4+ 13. Qf2 Qxf2+ 14. Kxf2 Bxb5
15. Bxb5 Rc8 16. Rhc1 a6 17. Bd3 Nc6 18. Ke3 f6 19. h4 fxe5 20. fxe5 a5 21. Bb5
Ra7 22. Rc2 Rac7 23. Rac1 Ne7 24. Bd3 Rf8 25. Rg1 Ng6 26. Bxg6 hxg6 27. Rgg2
Rf1 28. Rcf2 Re1+ 29. Re2 Ra1 30. a3 Rf7 31. Rgf2 Rc7 32. Kf4 Rd1 33. Kg5 cxd4
34. Kxg6 dxc3 35. bxc3 Rc4 36. Rg2 d4 37. cxd4 Rdxd4 38. g5 Rxh4 39. Rd2 Rcd4
40. Rxd4 Rxd4 41. Rc2 Rf4 42. Rb2 Kf8 43. Rxb6 Rg4 44. Rxe6 Re4 45. Kf5 Ra4 46.
Ra6 Rxa3 47. Ke6 g6 48. Kf6 Rf3+ 49. Kxg6 Ke7 50. Rxa5 Ke6 51. Ra8 Rg3 52. Re8+
Kd7 53. Rf8 Ke6 54. Rf1 Rg2 55. Rf6+ Ke7 56. Kh6 Rh2+ 57. Kg7 Rh5 58. g6 Rxe5
59. Rf7+ Ke8 60. Kg8 Re1 61. Rf4 Ke7 62. g7 Rg1 63. Rf2 Rh1 64. Re2+ Kd7 65.
Re4 Kd6 66. Kf7 Rf1+ 67. Kg6 Rg1+ 68. Kf6 Kd7 69. Re5 1-0

[Event "18. Open de Sants Hostafrancs 2016"]
[Site "Barcelona ESP"]
[Date "2016.08.22"]
[Round "4.120"]
[White "Gurrutxaga Telleria, Jose Luis"]
[Black "Proietti, Tosca"]
[Result "1-0"]
[WhiteElo "2095"]
[BlackElo "1900"]
[PlyCount "57"]
[EventDate "2016.08.19"]
[EventType "swiss"]
[EventRounds "10"]
[EventCountry "ESP"]
[SourceTitle "Ajedrez en Madrid"]
[Source "lmi"]
[SourceDate "2016.08.19"]

1. d4 Nf6 2. c4 g6 3. Nc3 Bg7 4. e4 d6 5. f4 O-O 6. Nf3 c5 7. d5 e6 8. Be2 exd5
9. cxd5 Re8 10. e5 dxe5 11. fxe5 Ng4 12. Bg5 Qb6 13. O-O Nxe5 14. Nxe5 Bxe5 15.
Bc4 Bd4+ 16. Kh1 a6 17. d6 Be6 18. Bxe6 Rxe6 19. Qf3 f5 20. Rae1 Qxd6 21. Qxb7
Rxe1 22. Rxe1 Qc6 23. Qb3+ c4 24. Qd1 Qd7 25. Re7 Qd6 26. Re8+ Kf7 27. Rd8 Qxd8
28. Bxd8 Nc6 29. Bb6 1-0

[Event "18. Open de Sants Hostafrancs 2016"]
[Site "Barcelona ESP"]
[Date "2016.08.23"]
[Round "5.2"]
[White "Grigoryan, Karen H"]
[Black "Jakubowski, Krzysztof"]
[Result "1-0"]
[WhiteElo "2533"]
[BlackElo "2548"]
[PlyCount "37"]
[EventDate "2016.08.19"]
[EventType "swiss"]
[EventRounds "10"]
[EventCountry "ESP"]
[SourceTitle "Ajedrez en Madrid"]
[Source "lmi"]
[SourceDate "2016.08.19"]

1. e4 c5 2. Nf3 e6 3. Nc3 a6 4. d4 cxd4 5. Nxd4 d6 6. Bd3 g6 7. a4 Bg7 8. Nb3
b6 9. Be3 Nf6 10. a5 b5 11. e5 dxe5 12. Qf3 Nd5 13. Be4 Bb7 14. Nxd5 exd5 15.
O-O-O Qe7 16. Bxd5 e4 17. Bxf7+ Qxf7 18. Rd8+ Ke7 19. Bc5+ 1-0

[Event "18. Open de Sants Hostafrancs 2016"]
[Site "Barcelona ESP"]
[Date "2016.08.23"]
[Round "5.3"]
[White "Debashis, Das"]
[Black "Zeng, Chongsheng"]
[Result "1/2-1/2"]
[WhiteElo "2459"]
[BlackElo "2538"]
[PlyCount "112"]
[EventDate "2016.08.19"]
[EventType "swiss"]
[EventRounds "10"]
[EventCountry "ESP"]
[SourceTitle "Ajedrez en Madrid"]
[Source "lmi"]
[SourceDate "2016.08.19"]

1. d4 Nf6 2. c4 e6 3. Nc3 Bb4 4. Qc2 b6 5. a3 Bxc3+ 6. Qxc3 Bb7 7. Nf3 O-O 8.
e3 d6 9. Be2 Nbd7 10. O-O Qe7 11. b4 e5 12. Bb2 Ne4 13. Qb3 Ng5 14. Nxg5 Qxg5
15. d5 Qe7 16. Rfc1 a5 17. Bc3 f5 18. f3 Qf7 19. Be1 axb4 20. axb4 Nf6 21. Qc2
Qg6 22. Qb2 b5 23. cxb5 Nxd5 24. Qb3 Kh8 25. Bc4 Rxa1 26. Rxa1 Nb6 27. Be2 Ra8
28. Ra5 h6 29. Bd2 Bd5 30. Rxa8+ Bxa8 31. Qc2 Qf7 32. Bd3 g6 33. e4 fxe4 34.
fxe4 Kh7 35. Be3 Bb7 36. h3 g5 37. Bf2 Kg6 38. Be3 Kg7 39. Bf2 Kf8 40. Qc1 Ke8
41. h4 Qe7 42. hxg5 hxg5 43. Qd1 Qh7 44. Qg4 Qg6 45. Be3 Na4 46. Bxg5 Nc3 47.
Qf5 Qxf5 48. exf5 Be4 49. Bxe4 Nxe4 50. Be3 d5 51. b6 cxb6 52. Bxb6 d4 53. Bc7
d3 54. Kf1 Ng3+ 55. Ke1 Nxf5 56. Bxe5 Ne3 1/2-1/2

[Event "18. Open de Sants Hostafrancs 2016"]
[Site "Barcelona ESP"]
[Date "2016.08.23"]
[Round "5.4"]
[White "Ma, Qun"]
[Black "Harutyunian, Tigran K"]
[Result "1-0"]
[WhiteElo "2621"]
[BlackElo "2485"]
[PlyCount "89"]
[EventDate "2016.08.19"]
[EventType "swiss"]
[EventRounds "10"]
[EventCountry "ESP"]
[SourceTitle "Ajedrez en Madrid"]
[Source "lmi"]
[SourceDate "2016.08.19"]

1. e4 e5 2. Nf3 Nc6 3. Bb5 a6 4. Ba4 Nf6 5. O-O Be7 6. Re1 b5 7. Bb3 O-O 8. d3
d6 9. a3 Na5 10. Ba2 c5 11. Nc3 Be6 12. Bg5 Bxa2 13. Rxa2 Nc6 14. Bxf6 Bxf6 15.
Nd5 g6 16. c3 Bg7 17. a4 b4 18. Nd2 Rb8 19. Nc4 f5 20. Ra1 Rf7 21. Qd2 f4 22.
Qe2 h5 23. Qf3 Qd7 24. Qh3 Kh7 25. f3 Kh6 26. Kf2 Bf8 27. g4 fxg3+ 28. Qxg3 Be7
29. Rg1 Qe6 30. Raf1 Rbf8 31. Ke2 Rf4 32. Nxf4 exf4 33. Qe1 bxc3 34. bxc3 d5
35. Nd2 Ne5 36. Qb1 Rd8 37. Qb7 Nxd3 38. Rb1 Rd7 39. Rb6 Bd6 40. Qxd5 Qxd5 41.
exd5 Ne5 42. Ne4 Bf8 43. Re6 Bg7 44. Rg5 Rxd5 45. Rexg6+ 1-0

[Event "18. Open de Sants Hostafrancs 2016"]
[Site "Barcelona ESP"]
[Date "2016.08.23"]
[Round "5.5"]
[White "Satyapragyan, Swayangsu"]
[Black "Cori, Jorge"]
[Result "0-1"]
[WhiteElo "2462"]
[BlackElo "2601"]
[PlyCount "134"]
[EventDate "2016.08.19"]
[EventType "swiss"]
[EventRounds "10"]
[EventCountry "ESP"]
[SourceTitle "Ajedrez en Madrid"]
[Source "lmi"]
[SourceDate "2016.08.19"]

1. e4 e5 2. Nf3 Nc6 3. Bb5 a6 4. Ba4 d6 5. O-O Bd7 6. d4 Nge7 7. d5 Nb8 8. c4
h6 9. Nc3 g5 10. Be3 Ng6 11. Bxd7+ Nxd7 12. Ne2 g4 13. Nd2 h5 14. Rc1 Be7 15.
b4 a5 16. a3 b6 17. Nb1 Bg5 18. Qd2 Bxe3 19. fxe3 h4 20. Nbc3 Kf8 21. Rf5 Ne7
22. Rff1 Kg7 23. Nb5 Ng8 24. Nec3 Nh6 25. Qe2 Nf6 26. c5 axb4 27. axb4 bxc5 28.
bxc5 Qe7 29. Nxc7 Qxc7 30. Nb5 Qe7 31. Nxd6 Ra4 32. Qe1 g3 33. hxg3 Kg8 34. Qd1
Ra2 35. Qf3 hxg3 36. Rb1 Nd7 37. Qxg3+ Kf8 38. Ra1 Rg8 39. Qxg8+ Kxg8 40. Rxa2
Nxc5 41. Ra8+ Kh7 42. Nf5 Nxf5 43. exf5 Qb7 44. Ra5 Ne4 45. Rf3 Qb4 46. Ra1 Ng5
47. Rff1 Qd2 48. Rad1 Qxe3+ 49. Kh2 Ne4 50. d6 Nd2 51. Rfe1 Qh6+ 52. Kg1 Qxd6
53. Kf2 Qd3 54. Rxe5 Ne4+ 55. Rxe4 Qxe4 56. Rh1+ Kg7 57. Rh3 Kf6 58. Rf3 Qd4+
59. Kf1 Kg5 60. Rh3 Kxf5 61. Rf3+ Kg4 62. Rh3 f6 63. Rf3 f5 64. Rh3 f4 65. Rf3
Qd1+ 66. Kf2 Qxf3+ 67. gxf3+ Kh3 0-1

[Event "18. Open de Sants Hostafrancs 2016"]
[Site "Barcelona ESP"]
[Date "2016.08.23"]
[Round "5.6"]
[White "Timofeev, Artyom"]
[Black "Gonzalez Acosta, Bernal"]
[Result "1/2-1/2"]
[WhiteElo "2596"]
[BlackElo "2478"]
[PlyCount "34"]
[EventDate "2016.08.19"]
[EventType "swiss"]
[EventRounds "10"]
[EventCountry "ESP"]
[SourceTitle "Ajedrez en Madrid"]
[Source "lmi"]
[SourceDate "2016.08.19"]

1. e4 c5 2. Nf3 d6 3. d4 cxd4 4. Nxd4 Nf6 5. Nc3 g6 6. Be3 Bg7 7. f3 O-O 8. Qd2
Nc6 9. g4 Be6 10. Nxe6 fxe6 11. O-O-O Ne5 12. Be2 Qc8 13. h4 Nfd7 14. f4 Nc4
15. Bxc4 Qxc4 16. e5 Rad8 17. exd6 exd6 1/2-1/2

[Event "18. Open de Sants Hostafrancs 2016"]
[Site "Barcelona ESP"]
[Date "2016.08.23"]
[Round "5.7"]
[White "Wan, Yunguo"]
[Black "Sandipan, Chanda"]
[Result "1/2-1/2"]
[WhiteElo "2458"]
[BlackElo "2572"]
[PlyCount "54"]
[EventDate "2016.08.19"]
[EventType "swiss"]
[EventRounds "10"]
[EventCountry "ESP"]
[SourceTitle "Ajedrez en Madrid"]
[Source "lmi"]
[SourceDate "2016.08.19"]

1. e4 c5 2. Nf3 d6 3. d4 cxd4 4. Nxd4 Nf6 5. Nc3 a6 6. Be3 e6 7. g4 e5 8. Nf5
g6 9. g5 gxf5 10. exf5 d5 11. Qf3 Ne4 12. Nxe4 dxe4 13. Qxe4 Nc6 14. Bc4 Qd7
15. g6 fxg6 16. fxg6 Qe7 17. O-O-O Be6 18. Bxe6 Qxe6 19. Rhg1 hxg6 20. Rxg6
Qxa2 21. Rxc6 Qa1+ 22. Kd2 Rd8+ 23. Kc3 Qa5+ 24. Kb3 Qb5+ 25. Ka2 Qa5+ 26. Kb3
Qb5+ 27. Ka2 Qa5+ 1/2-1/2